01145nas a2200253Ia 4500001001100000003000900011008004100020040001300061040001300074041001300087100004500100210002600145222002600171245015200197250001100349260002900360501008600389300001900475362003400494500026200528650005300790700001900843700002900862R519/H1317IT-RoPAU151124c99999999xx |||||||||||| ||und|| aIT-RoPAU cIT-RoPAU aITALIANO aMazzei RobertogCodice Aut. SPICS: 56642 aECONOMIA & MANAGEMENT aEconomia & Management aECONOMIA & MANAGEMENT, N.5 (SETTEMBRE/OTTOBRE 2002)bDare un Valore Alla Marca E' Possibile? un Confronto Sulle Logiche E Sui Metodi di Valutazione a1a ed. aMILANObETAS LIBRIc2002 bPaulus - SPICS - Società San Paolo EM (non-commercial uses only)cCopyright2015 a13 p. [109-21] aN.05 (SETTEMBRE/OTTOBRE 2002) aRiflessioni a Margine di un Panel di Esperti. Eccellenza di Marca e Valoreeconomico. Valutazione della Marca: Dal Marchio Alla Brand Equity. Concetto di Brand Equity. Criteri per L'Individuazione dei Beni Immateriali Rilevanti. Finalità Valutative e Scelt aPUBBLICITA' - MARKETINGvPUBBLICAZIONE PERIODICA aPredovic Dolly gCodice Aut. SPICS: 56643